Los senderos del tigre / (Registro nro. 10632)

Detalles MARC
000 -CABECERA
campo de control de longitud fija 00985nam a22003377b 4500
001 - NÚMERO DE CONTROL
campo de control 00020716
003 - IDENTIFICADOR DEL NÚMERO DE CONTROL
campo de control DO-SdBPM
005 - FECHA Y HORA DE LA ÚLTIMA TRANSACCIÓN
campo de control 20250811092451.0
007 - CAMPO FIJO DE DESCRIPCIÓN FÍSICA--INFORMACIÓN GENERAL
campo de control de longitud fija ta
008 - DATOS DE LONGITUD FIJA--INFORMACIÓN GENERAL
campo de control de longitud fija 051216s2005 ag | ||| ||spa
017 ## - NÚMERO DE COPYRIGHT O DE DEPÓSITO LEGAL
Número de copyright o de depósito legal
Agencia que asigna
020 ## - NÚMERO INTERNACIONAL ESTÁNDAR DEL LIBRO
Número Internacional Estándar del Libro 8420469572
035 ## - NÚMERO DE CONTROL DEL SISTEMA
Número de control de sistema
040 ## - FUENTE DE LA CATALOGACIÓN
Centro catalogador/agencia de origen DO-SdBPM
Lengua de catalogación spa
Centro/agencia transcriptor BPMSU
Normas de descripción rda
082 #4 - NÚMERO DE LA CLASIFICACIÓN DECIMAL DEWEY
Número de clasificación 863.6
Número de documento/Ítem M183s 2005
Número de edición 22
100 1# - ENTRADA PRINCIPAL--NOMBRE DE PERSONA
Nombre de persona Madrid, Juan
Fechas asociadas al nombre 1947-
Término indicativo de función/relación autor
245 14 - MENCIÓN DE TÍTULO
Título Los senderos del tigre /
Mención de responsabilidad, etc. Juan Madrid
250 ## - MENCIÓN DE EDICIÓN
Mención de edición 2a. ed.
264 ## - PRODUCCIÓN, PUBLICACIÓN, DISTRIBUCIÓN, FABRICACIÓN Y COPYRIGHT
Producción, publicación, distribución, fabricación y copyright Madrid :
Nombre del de productor, editor, distribuidor, fabricante Alfaguara,
Fecha de producción, publicación, distribución, fabricación o copyright 2005
300 ## - DESCRIPCIÓN FÍSICA
Extensión 217 páginas ;
Dimensiones 23 cm
336 ## - TIPO DE CONTENIDO
Término de tipo de contenido texto
Código de tipo de contenido txt
Fuente rdacontent
337 ## - TIPO DE MEDIO
Nombre/término del tipo de medio sin mediación
Código del tipo de medio n
Fuente rdamedia
338 ## - TIPO DE SOPORTE
Nombre/término del tipo de soporte volumen
Código del tipo de soporte nc
Fuente rdacarrier
490 0# - MENCIÓN DE SERIE
Mención de serie Alfaguara atrévete ;
-- Serie roja
586 ## - NOTA DE PREMIOS
Nota de premios Premio Jaen de Narrativa Infantil y Juvenil
590 ## - NOTA LOCAL (RLIN)
Nota local Inventariado,2025/VM
650 #7 - PUNTO DE ACCESO ADICIONAL DE MATERIA--TÉRMINO DE MATERIA
Término de materia o nombre geográfico como elemento de entrada Novela juvenil española
650 #7 - PUNTO DE ACCESO ADICIONAL DE MATERIA--TÉRMINO DE MATERIA
Término de materia o nombre geográfico como elemento de entrada Literatura juvenil española
910 ## - DATOS DE OPCIÓN DEL USUARIO (OCLC)
Datos de opción del usuario VMateo V. Control de calidad. BPMSU
942 ## - ELEMENTOS DE PUNTO DE ACCESO ADICIONAL (KOHA)
Fuente del sistema de clasificación o colocación Dewey Decimal Classification
Tipo de ítem Koha Libros
Existencias
Estado de retiro Estado de pérdida Fuente del sistema de clasificación o colocación No para préstamo Código de colección Localización permanente Ubicación/localización actual Fecha de adquisición Fuente de adquisición Total de préstamos Signatura topográfica completa Código de barras Fecha visto por última vez Precio válido a partir de Tipo de ítem Koha Número de copia
    Dewey Decimal Classification   Colección Juvenil General Biblioteca Pública Metropolitana Salomé Ureña Biblioteca Pública Metropolitana Salomé Ureña 06/29/2016 ALFAGUARA   BPMSU CJG 863.6 M183s 2005 BPMSU16060708 06/29/2016 06/29/2016 Libros  
    Dewey Decimal Classification   Colección Infantil General Biblioteca Pública Metropolitana Salomé Ureña Biblioteca Pública Metropolitana Salomé Ureña 06/29/2016 ALFAGUARA   BPMSU CJG 863.6 M183s 2005 BPMSU18020083 06/29/2016 06/29/2016 Libros e.2
    Dewey Decimal Classification   Colección Infantil General Biblioteca Pública Metropolitana Salomé Ureña Biblioteca Pública Metropolitana Salomé Ureña 07/15/2016 ALFAGUARA   BPMSU CJG 863.6 M183s 2005 BPMSU16070490 07/15/2016 07/15/2016 Libros e.3